Том 1; Истоки

Dettagli Bibliografici
Parent link:Истоки: Избранные произведения в 2 т./ Марк Алданов; [сост. А. Чернышев; Худож. О. Вуколов]. Том 1.— , 1991-
Lingua:russo
Pubblicazione: 1991
Soggetti:
Natura: Libro
KOHA link:https://koha.lib.tpu.ru/cgi-bin/koha/opac-detail.pl?biblionumber=111991

MARC

LEADER 00000nam2a2200000 4500
001 111991
005 20231031121049.0
010 |a 5206002100 
020 |a RU  |b 91-56971 
035 |a (RuTPU)RU\TPU\book\120962 
090 |a 111991 
100 |a 20070321g1991 m y0rusy5003 ca 
101 0 |a rus 
102 |a RU 
105 |a a z 000ay 
200 0 |a Том 1 
210 |d 1991 
215 |d 20 см  |e (ил.)  |a 575 с. 
461 1 |0 (RuTPU)RU\TPU\book\120960  |t Истоки  |o Избранные произведения в 2 т.  |f Марк Алданов  |g [сост. А. Чернышев; Худож. О. Вуколов]  |v Том 1  |d 1991-  |s Библиотека "Дружбы народов" 
610 1 |a русская литература 
610 1 |a исторические романы 
610 1 |a Россия 
801 0 |a RU  |b RuMRKP  |c 19950417  |g psbo 
801 1 |a RU  |b 63413507  |c 20070321  |g PSBO 
801 2 |a RU  |b 63413507  |c 20070321  |g PSBO 
942 |c BK